000 00614nam a2200205 a 4500
008 951121s1989||||[C 0 slo c
020 _c8 Kčs.
_q(10800 výtl.)
040 _aSNK
_bslo
_cSNK
_eAACR2
041 1 _aslo
_hslo
044 _axo
_cSK
080 _a75.017.4(035)
100 1 _aMoravčík, Fridrich
_4aut
245 1 0 _aMetóda ladenia farieb
_cFridrich Moravčík ; Bruno Musil
250 _a1., vyd.
260 _aBratislava
_bSPN
_c1989
_eMartin
_fTlačiarne SNP
300 _a56 s., 3,54 AH
_b1 sch. príl.
_c23 cm
500 _aZáujmová publ. MŠ SSR.
700 1 _aMusil, Bruno
_4bkd
958 _aA
999 _c14917
_d14917